| 000 | 00839nas a2200253 4500 | ||
|---|---|---|---|
| 001 | BR2011004707 | ||
| 003 | BR-BrBNA | ||
| 005 | 20231205115538.0 | ||
| 007 | ta | ||
| 008 | 230509b bl.|||p| |||| 00| 00por d | ||
| 040 |
_aBR-BrBNA _bpor _cBiblioteca Nacional de Agricultura |
||
| 041 | _a(En, Pt) | ||
| 072 | _aP01; M12 | ||
| 100 | 1 | _aMetri, R. | |
| 100 | 1 | _aRocha, R.M. da | |
| 245 | 1 | _aBancos de algas calcárias, um ecossistema rico a ser preservado | |
| 246 | 1 | _aCalcareous algae banks, a rich ecosystem to be preserved | |
| 650 | _aALGA CALCAREA | ||
| 650 | _aPRESERVAÇÃO DA NATUREZA | ||
| 650 | _aCALCÁRIO | ||
| 773 | 0 |
_tRevista Brasileira de Conservação da Natureza (Brazil) _xISSN 1679-0073 _g(Apr 2008), v. 6(1) p. 8-17, 126-135 _wBR2011004707 |
|
| 909 |
_a202311 _bLúcia _c55 _dLúcia Elande |
||
| 942 |
_2AGRIS _n0 _cANA |
||
| 999 |
_c214360 _d214360 |
||